000 00499nam a2200133 a 4500
008 120416s1972 ||||||||||||||||| || u
050 _aHB 74.M3 Ben
100 _aBenavie, Arthur
245 1 0 _aMathematical techniques for economic analysis
260 _aEnglewood Cliffs
_bN.J., Prentice-Hall
_c1972
300 _axii, 287p.
350 _a0.00
995 _D0.00
_FCBU-MAIN LIBRARY (Kitwe)
_H1
_I0.00
_UAVAILABLE
_ZMain Library Open Access Collection
999 _c50678
_d50678